| Tag |
First Indicator |
Second Indicator |
Subfields |
| LEADER |
00000cam a22000001i 4500 |
| 001 |
in00000027283 |
| 005 |
20201105131417.0 |
| 008 |
740801t19661966ilua 000 p eng |
| 010 |
|
|
|a 66029663
|
| 035 |
|
|
|a (OCoLC)ocm00365112
|
| 035 |
|
|
|9 AAD1690AM
|
| 040 |
|
|
|a DLC
|b eng
|e rda
|c DLC
|d BAKER
|d YDXCP
|d NIALS
|d HDC
|d BDX
|d OCLCF
|d OCLCQ
|d PAU
|d OCLCQ
|d TXA
|
| 019 |
|
|
|a 236001414
|a 1020190367
|a 1045590540
|a 1049026818
|
| 035 |
|
|
|a (OCoLC)365112
|z (OCoLC)236001414
|z (OCoLC)1020190367
|z (OCoLC)1045590540
|z (OCoLC)1049026818
|
| 050 |
1 |
0 |
|a PR6013
|
| 050 |
|
4 |
|a PR6013.U65
|b P6 1966
|
| 082 |
0 |
0 |
|a 821/.9/14
|
| 082 |
0 |
4 |
|a 821.914
|2 22
|
| 049 |
|
|
|a TXAM
|
| 100 |
1 |
|
|a Gunn, Thom,
|e author.
|
| 245 |
1 |
0 |
|a Positives /
|c verses by Thom Gunn ; photographs by Ander Gunn.
|
| 264 |
|
1 |
|a Chicago :
|b University of Chicago Press,
|c [1966]
|
| 264 |
|
4 |
|c ©1966
|
| 300 |
|
|
|a 78 pages :
|b illustrations ;
|c 25 cm
|
| 336 |
|
|
|a text
|b txt
|2 rdacontent
|
| 336 |
|
|
|a still image
|b sti
|2 rdacontent
|
| 337 |
|
|
|a unmediated
|b n
|2 rdamedia
|
| 338 |
|
|
|a volume
|b nc
|2 rdacarrier
|
| 500 |
|
|
|a The Cushing Library/Women & Gender Studies copy was acquired as part of The Don Kelly Research Collection of Gay Literature and Culture.
|5 TXA
|
| 500 |
|
|
|a The Cushing Library/Women & Gender Studies copy is signed by the author.
|
| 655 |
|
7 |
|a Gay poetry.
|2 lcgft
|
| 655 |
|
4 |
|a Lask Poetry Collection.
|5 PU
|
| 700 |
1 |
|
|a Gunn, Ander,
|e illustrator.
|
| 776 |
0 |
8 |
|i Online version:
|a Gunn, Thom.
|t Positives.
|d [Chicago] University of Chicago Press [©1966]
|w (OCoLC)908023161
|
| 994 |
|
|
|a C0
|b TXA
|
| 948 |
|
|
|a updated
|b h
|c 2020/11/5
|d c
|e nbehmer
|f 1:13:16 pm
|
| 999 |
f |
f |
|s 49640d79-00c1-3f04-884c-97166a2ef29e
|i df7e1d4a-fa81-3539-bcd0-9dabde3e1057
|t 0
|
| 952 |
f |
f |
|p ric
|a Texas A&M University
|b Rellis Campus
|c Joint Library Facility
|s JLF
|d Remote Storage
|t 0
|e PR6013.U65 P6
|h Library of Congress classification
|i unmediated -- volume
|m A14801280333
|
| 952 |
f |
f |
|p noncirc
|a Texas A&M University
|b College Station
|c Cushing Memorial Library & Archives
|s cush wgs
|d Cushing: Women & Gender Studies (Does not check out)
|t 0
|e PR6013.U65 P6 1966
|h Library of Congress classification
|i unmediated -- volume
|
| 998 |
f |
f |
|a PR6013.U65 P6 1966
|t 0
|l Cushing: Women & Gender Studies (Does not check out)
|
| 998 |
f |
f |
|a PR6013.U65 P6
|t 0
|l Remote Storage
|